000 002650000a22000970004500
100 1 _aKnowles, Michael P.
245 1 0 _aMoses, the law, and the unity of 4 ezra
300 _aVol. 31, Num. 3 (Julio, 1989), Páginas 257-274
773 0 _tNovum Testamentum
942 _cANA
999 _c56778
_d56778